[Event "Rhodes Summer Cup"]
[Site "Rhodes"]
[Date "2024.06.28"]
[Round "7"]
[White "Mohammed Saeed, Algaithi"]
[Black "Sibashvili, Giorgi"]
[Result "0-1"]
[WhiteElo "1474"]
[BlackElo "2423"]
[PlyCount "48"]
[EventDate "2024.06.22"]
[EventType "swiss"]
[EventRounds "9"]
[EventCountry "GRE"]
[SourceTitle "CBM 220 Extra"]
[Source "ChessBase"]
[SourceDate "2024.07.31"]
[SourceVersion "1"]
[SourceVersionDate "2024.07.31"]
[SourceQuality "1"]

1. e4 c5 2. Nf3 e6 3. Nc3 a6 4. d4 cxd4 5. Nxd4 b5 6. a3 Bb7 7. Be3 Qc7 8. Bd3 Nf6 9. 0-0 Nc6 10. f4 Bc5 11. Nce2 Nxd4 12. Nxd4 Bxe4 13. Bxe4 Nxe4 14. Qd3 d5 15. c3 0-0 16. Rf3 Qd7 17. Rh3 Rab8 18. Nf3 Bxe3+ 19. Qxe3 f5 20. Ne5 Qc7 21. b4 Rfc8 22. Rc1 a5 23. Qd4 axb4 24. axb4 Ra8 0-1